Online
Catalog

Estudios migratorios : (Record no. 58710)

MARC details
000 -CABECERA
campo de control de longitud fija 01797nas a2200313 a 4500
005 - FECHA Y HORA DE LA ÚLTIMA TRANSACCIÓN
campo de control 20250925101039.0
007 - CAMPO FIJO DE DESCRIPCIÓN FÍSICA--INFORMACIÓN GENERAL
campo de control de longitud fija ta
008 - DATOS DE LONGITUD FIJA--INFORMACIÓN GENERAL
campo de control de longitud fija 241029e2023 dr |u|p|r||||||0| ||spa d
022 ## - NÚMERO INTERNACIONAL NORMALIZADO PARA PUBLICACIONES SERIADAS
Número Internacional Normalizado para Publicaciones Seriadas 2737- 6834
040 ## - FUENTE DE LA CATALOGACIÓN
Centro/agencia transcriptor AGN
Centro/agencia modificador AGN
Centro catalogador/agencia de origen DO-SdBNP
Normas de descripción rda
041 ## - CÓDIGO DE LENGUA
Código de lengua del texto/banda sonora o título independiente spa
110 ## - ENTRADA PRINCIPAL--NOMBRE DE ENTIDAD CORPORATIVA
Nombre de entidad corporativa o nombre de jurisdicción como elemento de entrada Instituto Nacional de Migración de la República Dominicana
9 (RLIN) 87228
245 ## - MENCIÓN DE TÍTULO
Título Estudios migratorios :
Resto del título revista para el fomento y difusión del conocimiento científico en materia de movilidad humana /
Mención de responsabilidad, etc. Instituto Nacional de Migración de la República Dominicana.
264 ## - PRODUCCIÓN, PUBLICACIÓN, DISTRIBUCIÓN, FABRICACIÓN Y COPYRIGHT
Producción, publicación, distribución, fabricación y copyright Santo Domingo, República Dominicana :
Nombre del de productor, editor, distribuidor, fabricante Instituto Nacional de Migración de la República Dominicana,
Fecha de producción, publicación, distribución, fabricación o copyright 2023.
300 ## - DESCRIPCIÓN FÍSICA
Extensión volumen :
Otras características físicas ilustraciones, fotografías, pinturas ;
Dimensiones 27.5 cm.
336 ## - TIPO DE CONTENIDO
Término de tipo de contenido texto
Código de tipo de contenido txt
Fuente rdacontent
337 ## - TIPO DE MEDIO
Nombre/término del tipo de medio sin mediación
Código del tipo de medio n
Fuente rdamedia
338 ## - TIPO DE SOPORTE
Nombre/término del tipo de soporte volumen
Código del tipo de soporte nc
Fuente rdacarrier
362 ## - FECHAS DE PUBLICACIÓN Y/O DESIGNACIÓN SECUENCIAL
Fecha de publicación y/o designación secuencial Número 5. Año 2023.
500 ## - NOTA GENERAL
Nota general Revista del Instituto Nacional de Migración de la República Dominicana (INM RD) para el fomento y difusión del conocimiento científico en materia de movilidad humana. De distribución gratuita. Edición digital disponible en www.inm.gob.do www.issuu.com/inmrd.
650 #0 - PUNTO DE ACCESO ADICIONAL DE MATERIA--TÉRMINO DE MATERIA
Término de materia o nombre geográfico como elemento de entrada Política de migración
Subdivisión de forma Publicaciones periódicas
Subdivisión geográfica República Dominicana
9 (RLIN) 55031
650 #0 - PUNTO DE ACCESO ADICIONAL DE MATERIA--TÉRMINO DE MATERIA
Término de materia o nombre geográfico como elemento de entrada Ciencias sociales
Subdivisión de forma Publicaciones periódicas
Subdivisión geográfica República Dominicana
9 (RLIN) 1065
650 #0 - PUNTO DE ACCESO ADICIONAL DE MATERIA--TÉRMINO DE MATERIA
Término de materia o nombre geográfico como elemento de entrada
Subdivisión de forma Publicaciones periódicas
Subdivisión geográfica República Dominicana
9 (RLIN) 8591
650 #0 - PUNTO DE ACCESO ADICIONAL DE MATERIA--TÉRMINO DE MATERIA
Término de materia o nombre geográfico como elemento de entrada Población extranjera
Subdivisión de forma Publicaciones periódicas
Subdivisión geográfica República Dominicana
9 (RLIN) 87419
651 #0 - PUNTO DE ACCESO ADICIONAL DE MATERIA--NOMBRE GEOGRÁFICO
Nombre geográfico República Dominicana
Subdivisión de forma Publicaciones periódicas
9 (RLIN) 78065
655 #0 - TÉRMINO DE INDIZACIÓN--GÉNERO/FORMA
Datos o término principal de género/forma Publicaciones periódicas
9 (RLIN) 87420
856 ## - LOCALIZACIÓN Y ACCESO ELECTRÓNICOS
Nombre del host Revista Estudios Migratorios
Identificador Uniforme del Recurso <a href="https://issuu.com/inmrd/docs/web_rev_estudios_migratorios_5_inm_rd_issuu">https://issuu.com/inmrd/docs/web_rev_estudios_migratorios_5_inm_rd_issuu</a>
942 ## - ELEMENTOS DE PUNTO DE ACCESO ADICIONAL (KOHA)
Fuente del sistema de clasificación o colocación Dewey Decimal Classification
Tipo de ítem Koha Publicación periódica
Holdings
Estado de retiro Estado de pérdida Fuente del sistema de clasificación o colocación Estado dañado Restricciones de uso No para préstamo Código de colección Localización permanente Ubicación/localización actual Fecha de adquisición Enumeración/cronología de publicación seriada Total de préstamos Código de barras Fecha visto por última vez Número de copia Precio válido a partir de Tipo de ítem Koha Nota pública
    Dewey Decimal Classification   Préstamo en sala   Hemeroteca Biblioteca Nacional Pedro Henríquez Ureña Biblioteca Nacional Pedro Henríquez Ureña 10.04.2025 Número 5. Año 2023   2025-3319 10.04.2025 e.1 10.04.2025 Publicación periódica Revista Estudios Migratorios.
    Dewey Decimal Classification   Préstamo en sala   Hemeroteca Biblioteca Nacional Pedro Henríquez Ureña Biblioteca Nacional Pedro Henríquez Ureña 10.04.2025 Número 5. Año 2023   2025-3320 10.04.2025 e.2 10.04.2025 Publicación periódica Revista Estudios Migratorios.
    Dewey Decimal Classification   Préstamo en sala   Hemeroteca Biblioteca Nacional Pedro Henríquez Ureña Biblioteca Nacional Pedro Henríquez Ureña 10.04.2025 Número 5. Año 2023   2025-3321 10.04.2025 e.3 10.04.2025 Publicación periódica Revista Estudios Migratorios.
    Dewey Decimal Classification   Préstamo en sala   Hemeroteca Biblioteca Nacional Pedro Henríquez Ureña Biblioteca Nacional Pedro Henríquez Ureña 14.04.2025 Número 3. enero-junio 2022   2025-3375 14.04.2025 e.1 14.04.2025 Publicación periódica Revista Estudios Migratorios.
    Dewey Decimal Classification   Préstamo en sala   Hemeroteca Biblioteca Nacional Pedro Henríquez Ureña Biblioteca Nacional Pedro Henríquez Ureña 14.04.2025 Número 3. enero-junio 2022   2025-3376 14.04.2025 e.2 14.04.2025 Publicación periódica Revista Estudios Migratorios.
    Dewey Decimal Classification   Préstamo en sala   Hemeroteca Biblioteca Nacional Pedro Henríquez Ureña Biblioteca Nacional Pedro Henríquez Ureña 14.04.2025 Número 3. enero-junio 2022   2025-3377 14.04.2025 e.3 14.04.2025 Publicación periódica Revista Estudios Migratorios.

Powered by Koha